El Retorno de la antigua filosofía moral en la bioética /
Wedi'i Gadw mewn:
| Prif Awdur: | |
|---|---|
| Fformat: | Texto |
| Tagiau: |
Ychwanegu Tag
Dim Tagiau, Byddwch y cyntaf i dagio'r cofnod hwn!
|
MARC
| LEADER | 00000 a a2200000 04500 | ||
|---|---|---|---|
| 001 | 15527 | ||
| 003 | |||
| 040 | |||
| 100 | |a Wischke, Mirko | ||
| 245 | |a El Retorno de la antigua filosofía moral en la bioética / |c Mirko Wischke | ||
| 500 | |a Resumen también en inglés | ||
| 773 | |g volumen 42, número 105; páginas 119-123 | ||
| 999 | |c 36124 |d 36124 | ||
